Score 0/16 Timer 03:00
2 Plays Today
The Last... Answer % Correct
NGOSSong
94.9%
AWLZTWaltz
92.8%
SUHOE NO HET FELTHouse on the Left
88.2%
VIFE SEARYFive Years
85.3%
FO HTE SNIMCHOAOf the Mohicans
78.7%
SIMAURASamurai
71.3%
GINK FO CLOSTDANKing of Scotland
63.7%
ESPURPSupper
60.3%
The Last... Answer % Correct
NATOG NI RASPITango in Paris
56.5%
PEMOREREmperor
55.9%
NOTSIQUEQuestion
54.4%
GEMJENTUDJudgement
44.4%
RUNNICOUnicorn
28.3%
CRUTELELecture
18.6%
ERRANDIBEAirbender
14%
NANTERMRemnant
6%
Remove Ads.
Support Sporcle.
Get the best of Sporcle when you Go Orange. This ad-free experience offers more features, more stats, and more fun while also helping to support Sporcle. Thank you for becoming a member.

You're not logged in!

Compare scores with friends on all Sporcle quizzes.
OR
Log In

Show Comments

Extras

Top Quizzes Today


Score Distribution

Your Account Isn't Verified!

In order to create a playlist on Sporcle, you need to verify the email address you used during registration. Go to your Sporcle Settings to finish the process.

Report this User

Report this user for behavior that violates our Community Guidelines.

Details: